000 00585nas a2200217 i 4500
001 460
003 ES-MaACL
005 20250807062527.0
007 t|
008 950801c1901 sp | | 1 ||pa d
245 0 0 _aBoletín del Laboratorio Municipal de Madrid.
260 _aMadrid :
_bImp. Municipal,
_c1901-
300 _a1 v. ;
_c27 cm.
310 _aMensual
362 0 _aT. 1 (oct. 1901)-
650 1 7 _aMedicina
_2embne
_914891
710 1 _aMadrid. Ayuntamiento.
_bLaboratorio Municipal.
_95581
852 _aES-MaACL
_jHem-561
866 0 _o1901-1902.
999 _c460
_d460